Les sports les plus suivis en France - Statistiques

Statistiques générales
  • Ce quiz a été pris 549 fois
  • Le résultat moyen est 7 sur 10
Statistiques - réponses
Part Sports % Correct
71 % Football
100%
28 % Basketball
91%
35 % Tennis
91%
23 % Handball
87%
34 % Rugby
87%
11 % Natation
65%
22 % Athlétisme
60%
28 % Cyclisme
50%
16 % Boxe
35%
14 % Sports mécaniques
2%
Aucun quiz correspondant
Distribution des résultats
% des personnes avec chaque résultat
Percentile par nombre de réponses
Votre historique - résultats
Vous n’avez pas pris ce quiz